Florença e a Galeria dos Ofícios (Record no. 44781)

MARC details
000 -Etiqueta do registo
Valores 00476nam a2200181 4500
100 ## - Dados gerais de processamento
Dados gerais 20250918 pory50
101 ## - Língua de publicação
Língua por
-- it
102 ## - País de publicação
País PT
200 ## - Titulo e menção de responsabilidade
Título próprio Florença e a Galeria dos Ofícios
Primeira menção de responsabilidade arg. Laura Allievi
Outras menções de responsabilidade fot. Maximiliano Gati
210 ## - Publicação
Local de publicação Itália
Nome do editor Festa do Cinema Italiano.com
Data de publicação 2015
215 ## - Descrição física 
Paginação / Volumes 1 DVD
225 ## - Colecção 
Título próprio da colecção A grande arte no Cinema
Indicação de volume 1
300 ## - Notas gerais 
Texto da nota M/12<br/>95 m
675 ## - CDU
Notação 7
801 ## - Fonte de origem
País PT
Regras de catalogação RPC
990 ## - Elementos KOHA
Tipo de documento Filme DVD
Holdings
Aquisição Empréstimo Código de barras Cota Permissão de empréstimo Tipo de documento Nota relativa ao exemplar
Biblioteca Escolar Doutor Hernâni Cidade Biblioteca Escolar Doutor Hernâni Cidade 80940 DOC ART   Filme DVD Documentário sobre Arte

Powered by Koha